| 000 | 00531nam a22001937i 4500 | ||
|---|---|---|---|
| 001 | 4443 | ||
| 003 | OSt | ||
| 005 | 20170126082335.0 | ||
| 007 | tu | ||
| 008 | 161220s1999 xxu||||| |||| 00| 0 d | ||
| 024 | 7 |
_a4442 _2RID |
|
| 040 | _cOSt | ||
| 100 | 1 | _aMoore, Bartholomew | |
| 245 | 0 | 0 | _aPersistent and Transitory Shocks, Learning, and Investment Dynamics |
| 260 |
_aHamburg : _bHWWA-Institut für Wirtschaftsforschung,Hamburg, _c1999. |
||
| 300 |
_a54 S. ; _c30cm. |
||
| 490 |
_aHWWA-Diskussionspapier _v77 |
||
| 700 | 1 | _aSchaller, Huntley | |
| 942 | _cB | ||
| 999 |
_c4362 _d4362 |
||